000 00428pab a2200157 454500
008 180718b2005 xxu||||| |||| 00| 0 eng d
100 _aNikhlesh Kumar
245 _aIdentity politics in the hill tribal communities in the North-Eastern India
260 _c2005
300 _ap.195-217.
362 _aMay-Aug
650 _aTribes - India, North East
650 _aTribes
773 _aSociological Bulletin
909 _a65352
999 _c65352
_d65352